| 000 | 00340nam a2200133Ia 4500 | ||
|---|---|---|---|
| 008 | 240624s9999 xx 000 0 und d | ||
| 041 | _aeng | ||
| 082 | _a332 MER | ||
| 100 | _aVASICEK OLDRICH A | ||
| 245 | _aFINANCE ECONOMICS AND MATHEMATICS | ||
| 260 |
_c2016 _aNew Jersey _bWiley |
||
| 300 | _axii, : 354 : p. : cm. ; 23 | ||
| 365 |
_c _b30 |
||
| 999 |
_c26671 _d26671 |
||